Identifikácia sekundárne vylúčených fáz ocele AISI 316 L po vybraných parametroch žíhania : Diplomová práca

Saved in:
Bibliographic Details
Main Author: Kožiaková, Ivana (Author)
Other Authors: Hrivňáková, Dáša, 1933- (xxx)
Format: Manuscript Book
Language:Slovak
Published: Trnava : STU v Bratislave MtF KMI, 2002
Subjects:
Tags: Add Tag
No Tags, Be the first to tag this record!

MARC

LEADER 00000ntm a22000003a 4500
001 stu76485
005 20160719155035.5
008 020708s2002----xo------------------slo-d
040 |a STU  |b slo 
041 0 |a slo 
044 |a xo 
100 1 |a Kožiaková, Ivana  |4 aut 
245 1 |a Identifikácia sekundárne vylúčených fáz ocele AISI 316 L po vybraných parametroch žíhania :  |b Diplomová práca 
260 |a Trnava :  |b STU v Bratislave MtF KMI,  |c 2002 
300 |a 64 s  |c abstr. 
650 7 |a antikorózne ocele  |2 stusub 
650 7 |a parametre žíhania  |2 stusub 
650 7 |a kovové a nekovové materiály  |2 stusub 
700 1 |a Hrivňáková, Dáša,  |d 1933-  |4 xxx  |u M130  |U MTF Materiálovotechnologická fakulta  |T MTF Katedra materiálového inžinierstva  |X 316  |U M130  |Y 481  |7 A000000316